01772nam a22004217a 4500003000500000005001700005008004100022010001000063011001000073035001000083040000900093090001000102100005100112245012100163260004000284300001800324502006400342590003700406590004100443590004100484590004100525590004100566590004200607650003600649650003800685650002600723650003400749650003000783901000700813942000900820949003500829949004000864949004000904999001700944952013100961952013101092952012701223CHAP20220329135153.0971013s1979 r 00010 d a32076 a33048 a37163 cCHAP aTesis00aMartínez Rodríguez, Oscar Abelardo.972473 aEfecto del portainjerto en la incidencia de mancha amarga (Bitter pit) y su control con aspersiones de calcio y boro aChapingo, Méx. :bEl autor,c1979 a82 h.b: ilus aTesis (M.C. Esp. en Fruticultura) -- CP. Rama de Genética aALEPHb10c20130110lUCH01h1255 aBATCH-UPDb10c20130110lUCH01h0109 aBATCH-UPDb10c20130110lUCH01h1620 aBATCH-UPDb10c20130410lUCH01h1015 aBATCH-UPDb10c20130914lUCH01h0659 aCONVERSIONb10c20130109lUCH01h131814aBoroxEfecto en plantas.91392314aCalcioxEfecto en plantas.91733714aMancha amarga.97029314aManzanaxEnfermedades.97076314aManzanaxInjertos.970779 aBK cFOLL bBCcTESd-85210eTS1i37163si bBCcTESd-85211eTS2fc.2i37163si bBCcTESd-85212eTS2fc.3i37163si c32076d32076 00102local4053708TESISaBCbBCcPA_TESISd2012-12-17fFOLLl0oTesisp-85211r2019-12-31 00:00:00tc.2w2019-12-31yTESIS 00102local4053708TESISaBCbBCcPA_TESISd2012-12-17fFOLLl0oTesisp-85212r2019-12-31 00:00:00tc.3w2019-12-31yTESIS 00102local4051708TESISaBCbBCcPA_TESISd2012-12-17fTESISl0oTesisp-85210r2019-12-31 00:00:00w2019-12-31yTESIS